[Event "Open A"]
[Site "Cortina d'Ampezzo"]
[Date "2005.07.13"]
[Round "4.18"]
[White "Tamburini, Lorenzo"]
[Black "Melotti, Dario Valerio"]
[Result "0-1"]
[WhiteElo "2055"]
[BlackElo "2093"]
[PlyCount "82"]
[EventDate "2005.07.10"]
[EventType "swiss"]
[EventRounds "9"]
[EventCountry "ITA"]

1. e4 c5 2. Nf3 d6 3. d4 cxd4 4. Nxd4 Nf6 5. Nc3 a6 6. Be3 e5 7. Nb3 Be6 8. f3 b5 9. Qd2 Be7 10. O-O-O Nbd7 11. Nd5 Bxd5 12. exd5 Nb6 13. Na5 Nbxd5 14. Bg5 Qc7 15. Kb1 Nb6 16. b3 d5 17. Qe1 h6 18. Bd2 Rc8 19. Bd3 d4 20. Bf5 O-O 21. Bxc8 Rxc8 22. b4 Nfd5 23. Rc1 Bxb4 24. Bxb4 Nxb4 25. Qxb4 Nd5 26. Qb3 Nc3+ 27. Ka1 Qxa5 28. Kb2 Rc4 29. a3 Na4+ 30. Ka2 Nc5 31. Qb2 Ra4 32. Ra1 b4 33. Kb1 bxa3 34. Qb8+ Kh7 35. Qc8 Ne6 36. Kc1 a2 37. Qc6 Rb4 38. Qe4+ g6 39. f4 Qa3+ 40. Kd2 Qc3+ 41. Ke2 d3+ 0-1

[Event "Open A"]
[Site "Cortina d'Ampezzo"]
[Date "2005.07.13"]
[Round "4.14"]
[White "Scerbo, Antonio"]
[Black "Alberton, Roberto"]
[Result "1/2-1/2"]
[WhiteElo "2113"]
[BlackElo "2108"]
[PlyCount "81"]
[EventDate "2005.07.10"]
[EventType "swiss"]
[EventRounds "9"]
[EventCountry "ITA"]

1. d4 Nf6 2. c4 e6 3. Nf3 Bb4+ 4. Nbd2 O-O 5. g3 b6 6. Bg2 Bb7 7. O-O d5 8. Qb3 Bxd2 9. Bxd2 dxc4 10. Qxc4 Bd5 11. Qd3 Nbd7 12. Bb4 Re8 13. b3 Qc8 14. Rac1 Qb7 15. Nh4 Bxg2 16. Nxg2 e5 17. dxe5 Nxe5 18. Qf5 c5 19. Bc3 Qe4 20. Ne3 Qxf5 21. Nxf5 Nd5 22. Bb2 f6 23. Rfd1 Rad8 24. Rd2 Nb4 25. Rcd1 Nf7 26. a3 Nc6 27. Kf1 Rxd2 28. Rxd2 Rd8 29. Rxd8+ Nfxd8 30. e4 Ne6 31. f4 Kf7 32. Kf2 g6 33. Ne3 Ned4 34. b4 cxb4 35. axb4 f5 36. exf5 Nxf5 37. Bc3 Nd6 38. Kf3 h5 39. h3 Ke6 40. g4 hxg4+ 41. hxg4 1/2-1/2

[Event "Open A"]
[Site "Cortina d'Ampezzo"]
[Date "2005.07.13"]
[Round "4.17"]
[White "Ricci, Alfredo"]
[Black "Gardi, Giuseppe"]
[Result "1-0"]
[WhiteElo "2015"]
[BlackElo "2099"]
[PlyCount "97"]
[EventDate "2005.07.10"]
[EventType "swiss"]
[EventRounds "9"]
[EventCountry "ITA"]

1. e4 g6 2. d4 Bg7 3. Nc3 c6 4. Nf3 d5 5. e5 Nh6 6. Bg5 f6 7. Bf4 O-O 8. Qd2 Nf7 9. h3 fxe5 10. dxe5 e6 11. O-O-O c5 12. h4 Nc6 13. h5 Nfxe5 14. Nxe5 Nxe5 15. Bg5 Qa5 16. f4 Nc6 17. hxg6 hxg6 18. a3 Bxc3 19. Qxc3 Qxc3 20. bxc3 c4 21. g3 Rf7 22. Rh6 Rg7 23. Bg2 Kf7 24. Rh8 Rg8 25. Rh7+ Rg7 26. Rdh1 Bd7 27. Bf3 b5 28. f5 Rxh7 29. Rxh7+ Kg8 30. fxg6 Rf8 31. Bh5 Ne5 32. Bf4 Nxg6 33. Bxg6 Be8 34. Rh6 Bxg6 35. Rxg6+ Kf7 36. Rh6 a5 37. Be5 Ra8 38. Rh7+ Kg6 39. Rb7 b4 40. cxb4 axb4 41. axb4 Kf5 42. Bc3 Ke4 43. Rh7 Rg8 44. Rh4+ Ke3 45. Be5 Rc8 46. c3 Rf8 47. Rf4 Ra8 48. Kb2 Ra7 49. Bd4+ 1-0

[Event "Open A"]
[Site "Cortina d'Ampezzo"]
[Date "2005.07.13"]
[Round "4.10"]
[White "Molina, Fabrizio"]
[Black "Fontana, Enrico"]
[Result "1/2-1/2"]
[WhiteElo "2268"]
[BlackElo "2097"]
[Annotator "Ballarin,Gabriele"]
[PlyCount "119"]
[EventDate "2005.07.10"]
[EventType "swiss"]
[EventRounds "9"]
[EventCountry "ITA"]

1. c4 Nf6 2. g3 c5 3. Bg2 Nc6 4. Nc3 d6 5. d3 Bd7 6. Nh3 e6 7. Nf4 Be7 8. O-O a6 9. b3 Qc7 10. Bb2 O-O 11. e3 Ne5 12. d4 Ng6 13. Nh5 Rab8 14. Rc1 Rfd8 15. Qe2 b6 16. Rfd1 Be8 17. Rd2 Nf8 18. Rcd1 N8d7 19. Nf4 h6 20. h4 Nf8 21. Bh3 cxd4 22. exd4 b5 23. Rc1 Qb7 24. Bg2 Qb6 25. Nd1 Rdc8 26. Ne3 Rc7 27. d5 e5 28. Nf5 Ng6 29. Nxg6 fxg6 30. Nxe7+ Rxe7 31. c5 dxc5 32. d6 Rf7 33. Qxe5 Bc6 34. Bxc6 Qxc6 35. Rxc5 Qe4 36. Re2 Qxe5 37. Rcxe5 Rd7 38. Re6 Rb6 39. Bxf6 gxf6 40. Rxf6 Rdxd6 41. Rxd6 Rxd6 42. Re7 Rd2 43. Re6 Rxa2 44. Rxg6+ Kh7 45. Rb6 Rb2 46. Rxa6 Rxb3 47. Rb6 h5 48. Kf1 Rb2 49. Ke1 Kg7 50. Rd6 b4 51. Rd2 Rb3 52. Ke2 Kf6 53. Rd6+ Kf5 54. Rh6 Kg4 55. Rg6+ Kh3 {=} 56. f4 Kg2 57. Rg5 Rc3 58. Kd2 Rc8 59. Rxh5 Kxg3 60. Rb5 1/2-1/2

[Event "Open A"]
[Site "Cortina d'Ampezzo"]
[Date "2005.07.17"]
[Round "9.17"]
[White "Boscolo, Marco"]
[Black "Mercandelli, Claudio"]
[Result "1/2-1/2"]
[WhiteElo "2006"]
[BlackElo "2105"]
[PlyCount "58"]
[EventDate "2005.07.10"]
[EventType "swiss"]
[EventRounds "9"]
[EventCountry "ITA"]

1. d4 Nf6 2. Nf3 g6 3. c4 Bg7 4. Nc3 O-O 5. e4 d6 6. h3 e5 7. d5 a5 8. Be2 Na6 9. Be3 h6 10. g4 Nc5 11. Nd2 Ne8 12. Qc2 c6 13. h4 Nc7 14. Bxc5 dxc5 15. dxc6 bxc6 16. O-O-O Ne6 17. Nf3 Nd4 18. Nxd4 cxd4 19. Na4 Rb8 20. c5 Be6 21. b3 Bf6 22. h5 g5 23. f3 Be7 24. Kb1 Rb4 25. Ka1 Qc7 26. Rb1 Rfb8 27. Rb2 Qa7 28. Rc1 Kg7 29. Bd3 Qc7 1/2-1/2

[Event "Open A"]
[Site "Cortina d'Ampezzo"]
[Date "2005.07.17"]
[Round "9.18"]
[White "Agnelli, Francesco"]
[Black "Ricci, Alfredo"]
[Result "0-1"]
[WhiteElo "2055"]
[BlackElo "2015"]
[PlyCount "74"]
[EventDate "2005.07.10"]
[EventType "swiss"]
[EventRounds "9"]
[EventCountry "ITA"]

1. e4 c5 2. Nf3 e6 3. d4 cxd4 4. Nxd4 a6 5. Nc3 Qc7 6. Be3 Nf6 7. Bd3 b5 8. O-O Bb7 9. Qf3 Nc6 10. Nxc6 Qxc6 11. Bd4 Be7 12. Rfe1 d6 13. a3 O-O 14. Qg3 d5 15. exd5 Qd7 16. Re4 exd5 17. Rh4 g6 18. f3 Ne8 19. Rh3 Ng7 20. Re1 Rfe8 21. Rd1 Nf5 22. Bxf5 Qxf5 23. Qc7 Rab8 24. Re1 Bf6 25. Rxe8+ Rxe8 26. Bxf6 Qxf6 27. Qxb7 Qd4+ 28. Kf1 Qd2 29. Ne4 Qc1+ 30. Kf2 Qxc2+ 31. Ke3 dxe4 32. fxe4 Qxg2 33. Rf3 Qg1+ 34. Rf2 Qe1+ 35. Kf3 Re6 36. Kg3 Qg1+ 37. Rg2 Qe3+ 0-1

[Event "Open A"]
[Site "Cortina d'Ampezzo"]
[Date "2005.07.17"]
[Round "9.14"]
[White "Tamburini, Lorenzo"]
[Black "Fontana, Enrico"]
[Result "0-1"]
[WhiteElo "2055"]
[BlackElo "2097"]
[PlyCount "66"]
[EventDate "2005.07.10"]
[EventType "swiss"]
[EventRounds "9"]
[EventCountry "ITA"]

1. e4 c5 2. Nf3 Nc6 3. Bb5 d6 4. O-O Bd7 5. Re1 e6 6. c3 a6 7. Bf1 Ne5 8. d4 Nxf3+ 9. Qxf3 Qc7 10. a4 Ne7 11. Nd2 Ng6 12. Nc4 Be7 13. a5 O-O 14. Nb6 Rad8 15. Bd2 Bc6 16. Qh5 e5 17. d5 Bd7 18. Bd3 Bf6 19. Ra3 Nf4 20. Qf3 Nxd3 21. Qxd3 g6 22. c4 Bg7 23. Qg3 f5 24. Bg5 Bf6 25. f3 Rf7 26. Bxf6 Rxf6 27. f4 fxe4 28. fxe5 dxe5 29. Nxd7 Rxd7 30. Rxe4 Rdf7 31. Ra1 Qxa5 32. Rae1 Qd2 33. Qxe5 Qf2+ 0-1

[Event "Open A"]
[Site "Cortina d'Ampezzo"]
[Date "2005.07.17"]
[Round "9.15"]
[White "Crippa, Gabriele"]
[Black "Gardi, Giuseppe"]
[Result "1/2-1/2"]
[WhiteElo "2083"]
[BlackElo "2099"]
[Annotator "Ballarin,Gabriele"]
[PlyCount "123"]
[EventDate "2005.07.10"]
[EventType "swiss"]
[EventRounds "9"]
[EventCountry "ITA"]

1. f4 g6 2. Nf3 Bg7 3. e3 d5 4. d4 Nf6 5. Bd3 O-O 6. O-O c5 7. c3 b6 8. b4 Ba6 9. b5 Bb7 10. a4 a6 11. dxc5 axb5 12. Bxb5 bxc5 13. Bb2 Ne4 14. Qc1 c4 15. Rd1 Qc7 16. Ba3 Rd8 17. Ra2 Nc6 18. Nfd2 Nf6 19. Bc5 Na7 20. Ba3 e6 21. Rb2 Nc8 22. Bb4 Nd6 23. Nf3 Nde4 24. Nbd2 Nc5 25. Bxc5 Qxc5 26. Nd4 Qc7 27. N2f3 Bf8 28. Qc2 Ne4 29. Rdb1 Rab8 30. Ne5 Bc5 31. Kh1 {=} Bxd4 32. cxd4 f6 33. Nd3 Ba8 34. Nf2 Nd6 35. Qc3 Bc6 36. Nd1 Bxb5 37. axb5 Rb6 38. h3 Rdb8 39. Qa5 Qb7 40. Nc3 Qd7 41. Kh2 Kg7 42. g4 f5 43. g5 h6 44. h4 hxg5 45. hxg5 Rh8+ 46. Kg3 Rbb8 47. Ra1 Rb7 48. Rh2 Rxh2 49. Kxh2 Nxb5 50. Nxb5 Qxb5 51. Qxb5 Rxb5 52. Ra7+ Kf8 53. Kg3 Rb6 54. Rc7 Ke8 55. Kf3 Kd8 56. Rg7 Rb2 57. Rxg6 c3 58. Rg8+ Kd7 59. Rg7+ Kd6 60. Rg8 Kd7 61. Rg7+ Kd6 62. Rg8 1/2-1/2

[Event "Open A"]
[Site "Cortina d'Ampezzo"]
[Date "2005.07.16"]
[Round "8.18"]
[White "Forato, Enrico"]
[Black "Tamburini, Lorenzo"]
[Result "0-1"]
[WhiteElo "1974"]
[BlackElo "2055"]
[PlyCount "38"]
[EventDate "2005.07.10"]
[EventType "swiss"]
[EventRounds "9"]
[EventCountry "ITA"]

1. e4 e5 2. Nf3 Nf6 3. Bc4 Nxe4 4. Qe2 d5 5. Nxe5 Bc5 6. O-O O-O 7. Bd3 Ng5 8. c3 Re8 9. h4 f6 10. hxg5 fxe5 11. Bxh7+ Kxh7 12. Qh5+ Kg8 13. d4 exd4 14. g6 Be6 15. Re1 Qd7 16. Qh7+ Kf8 17. Bh6 gxh6 18. Rxe6 Rxe6 19. g7+ Qxg7 0-1

[Event "Open A"]
[Site "Cortina d'Ampezzo"]
[Date "2005.07.16"]
[Round "8.15"]
[White "Melotti, Dario Valerio"]
[Black "Boscolo, Marco"]
[Result "1-0"]
[WhiteElo "2093"]
[BlackElo "2006"]
[PlyCount "83"]
[EventDate "2005.07.10"]
[EventType "swiss"]
[EventRounds "9"]
[EventCountry "ITA"]

1. c4 Nf6 2. Nc3 g6 3. d4 Bg7 4. e4 d6 5. Nf3 O-O 6. Be2 Nbd7 7. O-O e5 8. d5 Nc5 9. Nd2 a5 10. f3 Nh5 11. g3 f5 12. Rf2 Nf6 13. Qc2 Bd7 14. b3 Rf7 15. a3 Qe7 16. Rg2 Raf8 17. b4 axb4 18. axb4 Na6 19. Rb1 fxe4 20. Ndxe4 Nxe4 21. Nxe4 h6 22. Rf2 Bf5 23. Be3 Rd8 24. Bd3 g5 25. g4 Bc8 26. Ng3 c5 27. bxc5 dxc5 28. Be4 Nb4 29. Qd1 Rf4 30. h3 Qd6 31. Ra1 b5 32. cxb5 Nxd5 33. Bxd5+ Qxd5 34. Qxd5+ Rxd5 35. Bxf4 exf4 36. Ra8 fxg3 37. Rxc8+ Kh7 38. Rc2 Rd7 39. Kg2 Bd4 40. Rc6 Ra7 41. b6 Ra1 42. Rc7+ 1-0

[Event "Open A"]
[Site "Cortina d'Ampezzo"]
[Date "2005.07.16"]
[Round "8.11"]
[White "Satta, Vladimiro"]
[Black "Navarro, Stefano"]
[Result "0-1"]
[WhiteElo "2223"]
[BlackElo "2209"]
[PlyCount "74"]
[EventDate "2005.07.10"]
[EventType "swiss"]
[EventRounds "9"]
[EventCountry "ITA"]

1. c4 e5 2. g3 d6 3. Bg2 f5 4. Nc3 Nf6 5. d3 Be7 6. e3 O-O 7. Nge2 c6 8. d4 a5 9. b3 Qe8 10. O-O Na6 11. Bb2 Ng4 12. dxe5 dxe5 13. Na4 Bd8 14. Qd2 Bc7 15. c5 Be6 16. f3 Rd8 17. Qc3 Nf6 18. Rad1 Nd5 19. Qc1 f4 20. exf4 exf4 21. Rfe1 Qg6 22. Nac3 Nab4 23. Nd4 Bc8 24. Nxd5 Nxd5 25. g4 Ne3 26. Rd2 Rd5 27. Ne2 Bxg4 28. fxg4 Nxg2 29. Rxd5 Nxe1 30. Rd7 Qxg4+ 31. Kf2 Qxd7 32. Qxe1 Qe7 33. Qc3 Re8 34. Qc4+ Kh8 35. Bd4 Be5 36. Nc3 Qh4+ 37. Kf3 Qh3+ 0-1

[Event "Open A"]
[Site "Cortina d'Ampezzo"]
[Date "2005.07.16"]
[Round "8.10"]
[White "Alberton, Roberto"]
[Black "Calzetta Ruiz, Monica"]
[Result "1/2-1/2"]
[WhiteElo "2108"]
[BlackElo "2282"]
[Annotator "Ballarin,Gabriele"]
[PlyCount "67"]
[EventDate "2005.07.10"]
[EventType "swiss"]
[EventRounds "9"]
[EventCountry "ITA"]

1. Nf3 c5 2. c4 Nf6 3. d4 cxd4 4. Nxd4 g6 5. Nc3 Bg7 6. e4 O-O 7. Be2 Nc6 8. Be3 d6 9. O-O Bd7 10. Qd2 a6 11. Rfd1 Rb8 12. f3 Re8 13. Nc2 Be6 14. Rac1 Nd7 15. b3 a5 16. Na3 Nc5 17. Nd5 b6 18. Nb5 Rb7 19. Rb1 f5 20. exf5 Bxf5 21. Rbc1 Rd7 22. Nd4 Nxd4 23. Bxd4 Bxd4+ 24. Qxd4 e5 25. Qe3 Be6 26. Nc3 Bf7 27. Bd3 Ne6 28. Be4 Nd4 29. Ne2 d5 30. cxd5 Bxd5 31. Bxd5+ Rxd5 32. Nc3 Rd7 33. Re1 Kg7 34. Ne4 {=} 1/2-1/2

[Event "Open A"]
[Site "Cortina d'Ampezzo"]
[Date "2005.07.16"]
[Round "8.13"]
[White "Mercandelli, Claudio"]
[Black "Lava, Giovanni"]
[Result "0-1"]
[WhiteElo "2105"]
[BlackElo "2257"]
[PlyCount "80"]
[EventDate "2005.07.10"]
[EventType "swiss"]
[EventRounds "9"]
[EventCountry "ITA"]

1. c4 Nf6 2. g3 c6 3. Bg2 d5 4. cxd5 cxd5 5. Nf3 g6 6. O-O Bg7 7. d3 O-O 8. Nc3 d4 9. Nb5 Nc6 10. Bf4 Nd5 11. Qd2 a6 12. Na3 Nxf4 13. Qxf4 e5 14. Qd2 h6 15. Rac1 Be6 16. b3 Rc8 17. Rfd1 Re8 18. Nc4 b5 19. Na3 Qb6 20. Ne1 Bf8 21. Nb1 Kh7 22. Rxc6 Rxc6 23. Bxc6 Qxc6 24. Rc1 Qb7 25. Qa5 Rc8 26. Rxc8 Qxc8 27. Qd2 Bd5 28. f3 h5 29. Qc2 Qxc2 30. Nxc2 f5 31. Kf2 Bc5 32. Kg2 g5 33. Nd2 Kg6 34. h3 Kf6 35. g4 h4 36. gxf5 Kxf5 37. Nf1 Kf4 38. Nh2 a5 39. Ng4 Be7 40. Nf2 a4 0-1

[Event "Open A"]
[Site "Cortina d'Ampezzo"]
[Date "2005.07.16"]
[Round "8.17"]
[White "Cardili, Mariano"]
[Black "Crippa, Gabriele"]
[Result "0-1"]
[WhiteElo "2076"]
[BlackElo "2083"]
[PlyCount "138"]
[EventDate "2005.07.10"]
[EventType "swiss"]
[EventRounds "9"]
[EventCountry "ITA"]

1. d4 e6 2. c4 c5 3. d5 exd5 4. cxd5 d6 5. Nc3 Be7 6. e4 a6 7. a4 Bf6 8. Nf3 Ne7 9. Be2 Bg4 10. O-O Bxf3 11. Bxf3 Ng6 12. Be2 Nd7 13. Be3 Qe7 14. Qc2 O-O 15. f4 Bxc3 16. Qxc3 Qxe4 17. Bf3 Qf5 18. g3 Rfe8 19. Bd2 b5 20. axb5 axb5 21. Rxa8 Rxa8 22. Qb3 b4 23. Re1 Nf6 24. Kg2 Kf8 25. h3 h5 26. Qc4 Ne7 27. Rd1 Qd7 28. Be3 Qa4 29. Qe2 Re8 30. g4 hxg4 31. hxg4 Qa2 32. Bc1 Nf5 33. Qd3 Nd4 34. g5 Nxd5 35. Rh1 Nxf3 36. Rh8+ Ke7 37. Qe4+ Ne5 38. Rxe8+ Kxe8 39. fxe5 dxe5 40. Qxe5+ Kd7 41. Qxg7 Ne7 42. Qe5 Qd5+ 43. Qxd5+ Nxd5 44. Kf3 Kd6 45. Ke4 Ke6 46. Bd2 Nb6 47. b3 Nc8 48. Be3 Nd6+ 49. Kd3 Kd5 50. Kc2 Nb5 51. Bc1 Nd4+ 52. Kb2 Ke4 53. Bd2 Nf3 54. Bc1 Ne1 55. Bd2 Nf3 56. Bc1 Ne5 57. Kc2 Nd3 58. Bd2 Kd4 59. Kb1 Nf2 60. Kc2 Ke4 61. Bc1 Ng4 62. Kb1 Ne3 63. Bd2 Kd3 64. Be1 Nf5 65. Bf2 Nd4 66. Kb2 Ne6 67. Bg1 Kd2 68. Bh2 Ke2 69. Bg1 Kf3 0-1

[Event "Open A"]
[Site "Cortina d'Ampezzo"]
[Date "2005.07.12"]
[Round "3.14"]
[White "Popa, Claudio"]
[Black "Cardili, Mariano"]
[Result "1-0"]
[WhiteElo "2183"]
[BlackElo "2076"]
[PlyCount "63"]
[EventDate "2005.07.10"]
[EventType "swiss"]
[EventRounds "9"]
[EventCountry "ITA"]

1. e4 e6 2. d4 d5 3. Nd2 c5 4. exd5 Qxd5 5. Ngf3 cxd4 6. Bc4 Qd6 7. O-O Nf6 8. Nb3 Nc6 9. Nbxd4 Nxd4 10. Nxd4 a6 11. c3 Qc7 12. Bb3 Bd6 13. h3 O-O 14. Re1 Re8 15. Bg5 Nd7 16. Qh5 g6 17. Qh4 Be5 18. f4 Bg7 19. f5 gxf5 20. Nxf5 Qc5+ 21. Ne3 Nf8 22. Bf6 Ng6 23. Qf2 Bd7 24. Bc2 Bxf6 25. Qxf6 Qe5 26. Ng4 Qc5+ 27. Kh1 Qf8 28. Qd4 Bc6 29. Nf6+ Kh8 30. Nxe8+ e5 31. Rxe5 f6 32. Bxg6 1-0

[Event "Open A"]
[Site "Cortina d'Ampezzo"]
[Date "2005.07.12"]
[Round "3.12"]
[White "Agnelli, Francesco"]
[Black "Satta, Vladimiro"]
[Result "1/2-1/2"]
[WhiteElo "2055"]
[BlackElo "2223"]
[PlyCount "73"]
[EventDate "2005.07.10"]
[EventType "swiss"]
[EventRounds "9"]
[EventCountry "ITA"]

1. e4 e6 2. d4 d5 3. Nc3 Nf6 4. Bg5 Be7 5. e5 Nfd7 6. h4 Bxg5 7. hxg5 Qxg5 8. Qd3 Nf8 9. Nf3 Qe7 10. O-O-O Nc6 11. Qe3 Bd7 12. Nd2 O-O-O 13. Nb3 b6 14. Kb1 f6 15. f4 fxe5 16. fxe5 Ng6 17. Bd3 Be8 18. a3 Kb7 19. g3 Nf8 20. Rh3 Bg6 21. Rdh1 Bxd3 22. Qxd3 Qe8 23. Qb5 Nb8 24. Qd3 h6 25. g4 Nh7 26. Re3 Ng5 27. Rf1 a6 28. Ne2 Rf8 29. Rc1 Nc6 30. c4 Ne7 31. Ka2 dxc4 32. Qxc4 Nd5 33. Na5+ bxa5 34. Rb3+ Kc8 35. Qxa6+ Kd7 36. Qd6+ Kc8 37. Qa6+ 1/2-1/2

[Event "Open A"]
[Site "Cortina d'Ampezzo"]
[Date "2005.07.12"]
[Round "3.13"]
[White "Forato, Enrico"]
[Black "Lava, Giovanni"]
[Result "0-1"]
[WhiteElo "1974"]
[BlackElo "2257"]
[Annotator "Ballarin,Gabriele"]
[PlyCount "82"]
[EventDate "2005.07.10"]
[EventType "swiss"]
[EventRounds "9"]
[EventCountry "ITA"]

1. e4 c5 2. Nf3 e6 3. d4 cxd4 4. Nxd4 Nc6 5. Be2 Nf6 6. Nc3 Qc7 7. O-O a6 8. Be3 Bb4 9. Nxc6 bxc6 10. f3 d5 11. exd5 cxd5 12. Qd4 Bd6 13. f4 O-O 14. Qd2 Bb4 15. Bd4 Ne4 16. Qd3 f5 17. a3 {=} Bd6 18. g3 Bd7 19. Nxe4 fxe4 20. Qc3 Qxc3 21. Bxc3 Rfc8 22. Rfc1 Bc5+ 23. Kf1 Be3 24. Rd1 Ba4 25. Bd4 Bxd4 26. Rxd4 Bxc2 27. Rc1 Rc6 28. Rd2 Rac8 29. Kf2 a5 30. Ke3 Bb3 31. Rxc6 Rxc6 32. Kd4 Kf7 33. g4 Ke7 34. Bb5 Rc1 35. Ke5 Bd1 36. g5 e3 37. Rd3 Be2 38. Rb3 Bxb5 39. Rxb5 e2 40. Rb7+ Kd8 41. Kd6 Kc8 0-1

[Event "Open A"]
[Site "Cortina d'Ampezzo"]
[Date "2005.07.12"]
[Round "3.18"]
[White "Crippa, Gabriele"]
[Black "Mercandelli, Claudio"]
[Result "1/2-1/2"]
[WhiteElo "2083"]
[BlackElo "2105"]
[PlyCount "76"]
[EventDate "2005.07.10"]
[EventType "swiss"]
[EventRounds "9"]
[EventCountry "ITA"]

1. d4 Nc6 2. Nf3 d5 3. h3 Bf5 4. Bf4 Nf6 5. e3 e6 6. Bd3 Be4 7. Nbd2 Bxd3 8. cxd3 Be7 9. O-O O-O 10. Nb3 Nd7 11. Qc1 Rc8 12. Nc5 Nxc5 13. dxc5 d4 14. e4 f5 15. Qc4 Qd7 16. Ne5 Nxe5 17. Bxe5 Kh8 18. exf5 exf5 19. Rac1 c6 20. Qxd4 Qxd4 21. Bxd4 Rcd8 22. Rc4 Rd5 23. Re1 Bg5 24. Re5 Rfd8 25. Rxd5 Rxd5 26. Kf1 Kg8 27. Ke2 Kf7 28. Rb4 Rd7 29. Be5 g6 30. Rc4 Ke6 31. f4 Be7 32. b4 a6 33. Kd2 Bh4 34. Rc1 Kd5 35. Rc4 Ke6 36. Ke3 Bg3 37. Kf3 Rxd3+ 38. Ke2 Rd5 1/2-1/2

[Event "Open A"]
[Site "Cortina d'Ampezzo"]
[Date "2005.07.12"]
[Round "3.19"]
[White "Gardi, Giuseppe"]
[Black "Tamburini, Lorenzo"]
[Result "1/2-1/2"]
[WhiteElo "2099"]
[BlackElo "2055"]
[PlyCount "152"]
[EventDate "2005.07.10"]
[EventType "swiss"]
[EventRounds "9"]
[EventCountry "ITA"]

1. d4 Nf6 2. Nf3 e6 3. e3 c5 4. Bd3 b6 5. O-O Bb7 6. Nbd2 Be7 7. b3 O-O 8. Bb2 Nc6 9. a3 Qc7 10. Qe2 d6 11. c4 Rac8 12. Ne4 d5 13. cxd5 exd5 14. Nxf6+ Bxf6 15. dxc5 Bxb2 16. cxb6 Qxb6 17. Qxb2 Rfe8 18. Rac1 Rcd8 19. Rfd1 Rd6 20. b4 Bc8 21. Rc5 Bg4 22. Be2 Red8 23. Qc2 Ne7 24. Nd4 Bd7 25. Bd3 Rh6 26. Nf5 Bxf5 27. Bxf5 Qd6 28. h3 Qe5 29. Bg4 Qg5 30. f4 Qh4 31. Qf2 Qf6 32. e4 Qa6 33. Ra5 Qc4 34. exd5 a6 35. Be2 Qb3 36. Qf3 Qc2 37. Bd3 Qc8 38. Qe2 Nxd5 39. Rxd5 Rxd5 40. Bxh7+ Kxh7 41. Rxd5 Qc1+ 42. Qd1 Qxa3 43. Qd3+ Qxd3 44. Rxd3 Rb6 45. Ra3 Rxb4 46. g3 Rb6 47. Kg2 f5 48. g4 g6 49. Kg3 Kg7 50. Rc3 Kf7 51. Kh4 Kf6 52. Rc7 Rd6 53. Ra7 Rb6 54. Rh7 Rd6 55. Ra7 Rb6 56. Ra8 Rc6 57. Rf8+ Kg7 58. Re8 Kf7 59. Re5 Kf6 60. gxf5 g5+ 61. Kg4 gxf4 62. Ra5 f3 63. Kxf3 Rc3+ 64. Kg4 Rc4+ 65. Kh5 Rc3 66. h4 Rc6 67. Kh6 Rb6 68. Kh5 Rc6 69. Kg4 Rc4+ 70. Kg3 Rc3+ 71. Kg2 Rc6 72. Kf2 Rb6 73. Kf3 Rb3+ 74. Kg4 Rb4+ 75. Kh5 Rb6 76. Kh6 Rc6 1/2-1/2

[Event "Open A"]
[Site "Cortina d'Ampezzo"]
[Date "2005.07.12"]
[Round "3.16"]
[White "Fontana, Enrico"]
[Black "Ricci, Alfredo"]
[Result "1-0"]
[WhiteElo "2097"]
[BlackElo "2015"]
[PlyCount "113"]
[EventDate "2005.07.10"]
[EventType "swiss"]
[EventRounds "9"]
[EventCountry "ITA"]

1. e4 c5 2. Nf3 e6 3. d4 cxd4 4. Nxd4 Nf6 5. Nc3 d6 6. Be2 a6 7. a4 Be7 8. Be3 O-O 9. O-O Qc7 10. f4 Nc6 11. Nb3 b6 12. Bf3 Bb7 13. Qe1 Nb4 14. Qf2 Nd7 15. Rad1 Nc5 16. Rd2 Rac8 17. Rfd1 Rfd8 18. f5 e5 19. Nxc5 dxc5 20. Be2 Rd4 21. Nd5 Nxd5 22. exd5 Bd6 23. c4 Re8 24. g3 Qe7 25. Kg2 b5 26. axb5 axb5 27. b3 Ra8 28. f6 Qxf6 29. Qxf6 gxf6 30. Bxd4 cxd4 31. Bd3 Ra3 32. Rb2 Bc8 33. Rc1 f5 34. c5 Bb8 35. Bxb5 Bb7 36. c6 Ba8 37. c7 Bxd5+ 38. Kf2 Bxc7 39. Rxc7 Bxb3 40. Bd7 Bd5 41. Rc5 Rf3+ 42. Ke1 Be4 43. Rxe5 Kg7 44. Re8 Ra3 45. Rd2 Ra1+ 46. Rd1 Ra2 47. Rxd4 Rxh2 48. g4 Rh1+ 49. Kd2 Rh2+ 50. Kc3 Kf6 51. Bxf5 Bxf5 52. Rf4 Kg5 53. Rxf5+ Kxg4 54. Rxf7 h5 55. Rg8+ Kh3 56. Rg5 Kh4 57. Rxh5+ 1-0